000 01981nmm a2200421 a 4500
001 0000024368
003 CO-CtgCURN
005 20260217152941.0
007 co cga---uuuuu
007 ta
008 160628s2002 i eng d
020 _a8479035323
040 _aCO-CtgCURN
_bspa
_ccoctgcurn
082 0 _aR611.91
_bS677a
100 1 _aPutz, R. y Pabst, R.
245 1 0 _aAtlas de anatomia humana
_h[electronic resource] :
_bsobotta /
_cPutz, R. y Pabst, R.
250 _a21a ed.
260 1 _aMadrid : :
_bPanamericana,,
_c2002.
300 _a2 v. + 1 Cd - Rom.
500 _aIncluye indice.
505 8 _av.1--Anatomia general.--Parte y regiones del cuerpo.--Aparato locomotor.--Aparato digestivo y respiratorio.--Cabeza y cuello.--Regiones de la cabeza y cuello.--Huesos del craneo y articulacion.--Miembro superior.--Encefalo.--Ojo.--Oido.--v.2--Tronco.--Visceras y miembro inferior.--Dorso del tronco.--Pared toracica y abdominal.--Visceras abdominales y pelvianas.--Huesos articulaciones y ligamentos.--Suelo de la pelvis y perine genitales masculinos
590 _aMorfología (Enfermería)
650 1 4 _aAnatomía humana.
650 1 4 _aAnatomía humana
_vNomenclatura.
700 1 _aR. abst.
908 _a160627
942 _cREF
_hR611.91
_iS677a
_2ddc
999 _c7304
_d7304